La Uva de Mesa / (Record no. 173115)
[ view plain ]
| 000 -CABECERA | |
|---|---|
| campo de control de longitud fija | 00700nam a2200265Ia 4500 |
| 001 - NÚMERO DE CONTROL | |
| campo de control | dia_2597 |
| 003 - IDENTIFICADOR DEL NÚMERO DE CONTROL | |
| campo de control | CHAP |
| 005 - FECHA Y HORA DE LA ÚLTIMA TRANSACCIÓN | |
| campo de control | 20230313130549.0 |
| 008 - DATOS DE LONGITUD FIJA--INFORMACIÓN GENERAL | |
| campo de control de longitud fija | 220117s1992 xx 000 0 und d |
| 010 ## - NÚMERO DE CONTROL DE LA BIBLIOTECA DEL CONGRESO | |
| Número de control de LC | 173115 |
| 040 ## - FUENTE DE LA CATALOGACIÓN | |
| Centro/agencia transcriptor | CHAP |
| 082 ## - NÚMERO DE LA CLASIFICACIÓN DECIMAL DEWEY | |
| Número de clasificación | 663.22 P3 |
| 100 ## - ENTRADA PRINCIPAL--NOMBRE DE PERSONA | |
| Nombre de persona | Pérez Camacho, Fernándo |
| 9 (RLIN) | 89554 |
| 245 ## - MENCIÓN DE TÍTULO | |
| Título | La Uva de Mesa / |
| Mención de responsabilidad, etc. | por Fernándo Pérez Camacho |
| 260 ## - PUBLICACIÓN, DISTRIBUCIÓN, ETC. | |
| Lugar de publicación, distribución, etc. | Madrid : |
| Nombre del editor, distribuidor, etc. | Mundi-prensa, |
| Fecha de publicación, distribución, etc. | 1992 |
| 300 ## - DESCRIPCIÓN FÍSICA | |
| Extensión | 153 p. |
| 400 ## - MENCIÓN DE SERIE/PUNTO DE ACCESO ADICIONAL--NOMBRE DE PERSONA [OBSOLETO, CAN/MARC], [LOCAL, USA] | |
| Nombre de persona | AGROGUÍA MUNDI-PRENSA |
| 500 ## - NOTA GENERAL | |
| Nota general | C/e |
| 650 ## - PUNTO DE ACCESO ADICIONAL DE MATERIA--TÉRMINO DE MATERIA | |
| Término de materia o nombre geográfico como elemento de entrada | Uva |
| 9 (RLIN) | 117117 |
| 650 ## - PUNTO DE ACCESO ADICIONAL DE MATERIA--TÉRMINO DE MATERIA | |
| Término de materia o nombre geográfico como elemento de entrada | Viticultura |
| 9 (RLIN) | 120043 |
| 901 ## - ELEMENTOS DE DATOS A LOCAL LDA (RLIN) | |
| a | 663.22 P3 |
| 902 ## - ELEMENTOS DE DATOS B LOCAL, LDB (RLIN) | |
| a | M |
| 905 ## - ELEMENTOS DE DATOS E LOCAL, LDE (RLIN) | |
| a | 0000001992 MADA 0000000000ESP00 |
| 942 ## - ELEMENTOS DE PUNTO DE ACCESO ADICIONAL (KOHA) | |
| Tipo de ítem Koha | Libro |
| Fuente del sistema de clasificación o colocación | Dewey Decimal Classification |
| Estado de retiro | Estado de pérdida | Fuente del sistema de clasificación o colocación | Estado dañado | Restricciones de uso | No para préstamo | Código de colección | Localización permanente | Ubicación/localización actual | Fecha de adquisición | Fuente de adquisición | Coste, precio normal de compra | Total de préstamos | Signatura topográfica completa | Código de barras | Fecha visto por última vez | Fecha del último préstamo | Número de copia | Tipo de ítem Koha |
|---|---|---|---|---|---|---|---|---|---|---|---|---|---|---|---|---|---|---|
| Dewey Decimal Classification | Préstamo interno | General | Ingenieria Agroindustrial | Ingenieria Agroindustrial | 04/10/1993 | Compra Librería Patena F. 237 / R. (04/10/1993) | 41.00 | 1 | 663.22 P3 | dia_4106 | 22/05/2023 | 22/05/2023 | 1 | Libro |
